000 00848nam a22002177a 4500
003 DO-SdBNP
005 20211027090328.0
007 ta
008 210604e2010 dr ac||gr|||| 00| 0 spa d
040 _aDO-SdBNP
_bspa
_cBNPHU
082 4 _222
_bG953p
100 1 _aGüilamo, Sara
_978740
245 1 0 _aPor una ciudadanía de paz:
_buna propuesta de prevención de la violencia en la escuela /
_cSara Guílamo; Frankelly Martínez
260 _aSanto Domingo :
_bPontificia Universidad Católica Madre y Maestra (PUCMM),
_c2010.
300 _a32 p. :
_bil, retr. ;
_c28 cm.
505 0 0 _aConceptualización y origen de la violencia --
_tFactores asociados a la violencia en la escuela--
_tEducar para la paz y la buena convivencia--
_tConclusión.
590 _aInventariado, 2021/MF
650 1 4 _aViolencia
_978741
910 _aMF
942 _2ddc
_cLF1
999 _c49878
_d49878